000 00716cam a22002291 4500
001 med47000798
003 DLC
005 20260227111600.0
008 830713s1947 dcu b 000 0 eng c
010 _amed47000798
035 _a(OCoLC)9697979
040 _aU.S. Army Medical Library
_cNcD
_dNcD
_dDLC
050 0 0 _aRA395.A3
_bS47
082 _a614.2
100 1 _aShearon, Marjorie,
_d1890-
245 1 0 _aBlueprint for the nationalization of medicine:
_bplans to enchain medicine by regulative interference.
260 _aWashington, D.C.
_c1947.
300 _a41 p.
_c23 cm.
500 _aCover title.
504 _aIncludes bibliographical references.
650 0 _aNational health services
_zUnited States.
999 _c38183
_d38183